[Event "D-Klasse 2009 (D68-1)"]
[Site "Berlin-Weißensee"]
[Date "2009.05.20"]
[Round "1.2"]
[White "Wierzbicki, Jirawat"]
[Black "Tscheuschner, Georg"]
[Result "0-1"]
[WhiteElo "784"]
[BlackElo "1687"]
[PlyCount "62"]
[EventDate "2009.05.20"]

1. d4 d5 2. c4 e5 3. e3 exd4 4. exd4 Nc6 5. Nf3 Be6 6. Nbd2 Bb4 7. b3 Bc3 8.
Rb1 Bf5 9. Qe2+ Qe7 10. Qxe7+ Ngxe7 11. Ba3 Bxb1 12. cxd5 Nxd5 13. Bc4 Nb6 14.
O-O Nxc4 15. Nxc4 Bd3 16. Rd1 Bxc4 17. bxc4 O-O-O 18. d5 Ne5 19. Nxe5 Bxe5 20.
Re1 Rhe8 21. Bc1 Bxh2+ 22. Kf1 Rxe1+ 23. Kxe1 Re8+ 24. Kf1 Be5 25. Ba3 Bc3 26.
Kg1 f5 27. Kh2 g5 28. g3 h5 29. Kg2 Re2 30. Bc1 g4 31. a3 Bd4 0-1

[Event "D-Klasse 2009 (D68-1)"]
[Site "Berlin-Weißensee"]
[Date "2009.05.20"]
[Round "1.3"]
[White "Boehling, Richard"]
[Black "Noak, Uwe"]
[Result "0-1"]
[WhiteElo "951"]
[BlackElo "1491"]
[PlyCount "124"]
[EventDate "2009.05.20"]

1. e4 c5 2. Bc4 e6 3. Nc3 b6 4. Nf3 Bb7 5. d3 Be7 6. Bf4 a6 7. O-O Nf6 8. Qd2
O-O 9. e5 Nd5 10. Bxd5 exd5 11. Nd1 d4 12. Qe2 Bxf3 13. Qxf3 Nc6 14. Qg3 Kh8
15. Re1 Nb4 16. Re2 Nd5 17. c4 Bh4 18. Qf3 Nxf4 19. Qxf4 Qg5 20. Qxg5 Bxg5 21.
b3 a5 22. Nb2 Rfe8 23. Rae1 Re6 24. Re4 Rae8 25. f4 Bd8 26. g3 Bc7 27. Nd1 d6
28. Nf2 dxe5 29. fxe5 Bxe5 30. Ng4 Bf6 31. Rxe6 Rxe6 32. Rxe6 fxe6 33. Kf2 Kg8
34. Kf3 Kf7 35. Ke4 Ke7 36. Ne5 Kd6 37. Nf7+ Kc7 38. Ne5 a4 39. h3 axb3 40.
axb3 Kd6 41. Nf7+ Kc7 42. Ne5 Kb7 43. g4 Ka6 44. Kf4 g5+ 45. Ke4 Bxe5 46. Kxe5
Ka5 47. Kf6 Kb4 48. Kxg5 Kc3 49. Kh6 Kxd3 50. Kxh7 Ke4 51. g5 d3 52. g6 d2 53.
g7 d1=Q 54. g8=Q Qh5+ 55. Kg7 Qg5+ 56. Kf7 Qxg8+ 57. Kxg8 Kf5 58. h4 e5 59. h5
Kg5 60. Kg7 Kxh5 61. Kf6 e4 62. Ke6 e3 0-1

[Event "D-Klasse 2009 (D68-1)"]
[Site "Berlin-Weißensee"]
[Date "2009.05.20"]
[Round "1.4"]
[White "Gressmann, Hanna"]
[Black "Schacht, Thomas"]
[Result "0-1"]
[WhiteElo "786"]
[BlackElo "1301"]
[PlyCount "62"]
[EventDate "2009.05.20"]

1. e4 e5 2. Nf3 Nc6 3. Bc4 Bc5 4. d3 Nf6 5. Bg5 d6 6. O-O O-O 7. Nc3 Na5 8. b3
c6 9. a3 Nxc4 10. bxc4 Bg4 11. h3 Bd4 12. hxg4 Bxc3 13. Rb1 Qd7 14. Rb3 Bd4 15.
Nxd4 exd4 16. Bxf6 gxf6 17. Qe2 Kh8 18. Rfb1 b6 19. Qf3 Qe6 20. Qf5 Qe7 21. c3
dxc3 22. Rxc3 Rg8 23. Re1 Rg5 24. Qf4 Rag8 25. f3 f5 26. gxf5 Rxg2+ 27. Kf1
Rg1+ 28. Ke2 R1g2+ 29. Kf1 Qf6 30. Rec1 Qd4 31. R1c2 Qg1# 0-1

[Event "D-Klasse 2009 (D68-1)"]
[Site "Berlin-Weißensee"]
[Date "2009.05.21"]
[Round "2.2"]
[White "Siegemund, Georg"]
[Black "Boehling, Richard"]
[Result "1-0"]
[WhiteElo "1216"]
[BlackElo "951"]
[PlyCount "123"]
[EventDate "2009.05.20"]

1. d4 d5 2. c4 dxc4 3. Nc3 Bf5 4. e4 Bg6 5. Nf3 Nf6 6. Bxc4 Nxe4 7. Nxe4 Bxe4
8. Ne5 Bd5 9. Be3 Bxc4 10. Qa4+ c6 11. Qxc4 Qd5 12. Qxd5 cxd5 13. Rc1 Nd7 14.
Rc7 Rd8 15. Bf4 Nxe5 16. Bxe5 f6 17. Bg3 Rd7 18. Rxd7 Kxd7 19. Ke2 g6 20. Rc1
Bh6 21. Rc7+ Ke6 22. Rxb7 Ra8 23. Kd3 f5 24. f3 f4 25. Be1 Kd6 26. Bb4+ Kc6 27.
Rxe7 Bf8 28. Rxh7 Bxb4 29. Rg7 Re8 30. Rxg6+ Bd6 31. h4 Re3+ 32. Kd2 Re7 33.
Rh6 Kd7 (33... Rg7) 34. a3 Bc7 35. Rh8 Bb6 36. h5 Bxd4 37. Rg8 Bxb2 38. h6 Re8
39. h7 Bh8 40. Rg5 Re5 41. Rg8 Re8 42. Rg5 d4 43. Rf5 Be5 44. Rxe5 Rxe5 45.
h8=Q Kd6 46. Qf6+ Re6 47. Qxf4+ Kd7 48. Kd3 Re3+ 49. Qxe3 dxe3 50. Kxe3 Ke6 51.
g4 Kf6 52. f4 a6 53. Ke4 a5 54. g5+ Kg6 55. Ke5 a4 56. f5+ Kg7 57. Ke6 Kh7 58.
f6 Kg6 59. Ke7 Kh7 60. f7 Kg6 61. f8=Q Kxg5 62. Qf6+ 1-0

[Event "D-Klasse 2009 (D68-1)"]
[Site "Berlin-Weißensee"]
[Date "2009.05.21"]
[Round "2.3"]
[White "Schacht, Thomas"]
[Black "Wierzbicki, Jirawat"]
[Result "1-0"]
[WhiteElo "1301"]
[BlackElo "784"]
[PlyCount "117"]
[EventDate "2009.05.20"]

1. e4 e5 2. Nf3 Nc6 3. Bc4 Nf6 4. Nc3 Be7 5. O-O O-O 6. d4 d6 7. Be3 Nxd4 8.
Nxd4 exd4 9. Bxd4 c5 10. Be3 Bd7 11. f3 Qc7 12. Qd3 Rfe8 13. Rad1 Rad8 14. Bf4
Bc8 15. Bb5 Rf8 16. Rfe1 a6 17. Bc4 Rfe8 18. a4 b6 19. Bxa6 Bxa6 20. Qxa6 Ra8
21. Qc4 Red8 22. Nb5 Qb8 23. b3 h6 24. Re2 Ra5 25. Red2 Ne8 26. Rd5 Ra8 27. Qd3
g5 28. Bxd6 Bxd6 29. Nxd6 Nxd6 30. Rxd6 Rxd6 31. Qxd6 Qxd6 32. Rxd6 Kg7 33. Kf2
Rb8 34. c4 Kh7 35. Rf6 Kg7 36. e5 Rb7 37. g3 h5 38. f4 gxf4 39. gxf4 Rb8 40.
Kg3 Rb7 41. Kh4 Rb8 42. Kg5 Rb7 43. h4 Rb8 44. Kxh5 Rh8+ 45. Kg5 Rb8 46. h5 Rg8
47. Rxb6 Kh7+ 48. Kf5 Rc8 49. a5 Ra8 50. Rb5 Rc8 51. Rb7 Kg7 52. e6 Rf8 53. h6+
Kg8 54. h7+ Kg7 55. h8=Q+ Kxh8 56. Rxf7 Rxf7+ 57. exf7 Kg7 58. Ke6 Kf8 59. a6
1-0

[Event "D-Klasse 2009 (D68-1)"]
[Site "Berlin-Weißensee"]
[Date "2009.05.21"]
[Round "2.4"]
[White "Noak, Uwe"]
[Black "Gressmann, Hanna"]
[Result "1-0"]
[WhiteElo "1491"]
[BlackElo "786"]
[PlyCount "99"]
[EventDate "2009.05.20"]

1. Nf3 Nf6 2. c4 Nc6 3. d4 d5 4. cxd5 Nxd5 5. Nc3 e6 6. e4 Nxc3 7. bxc3 f5 8.
Bd3 Be7 9. O-O O-O 10. exf5 exf5 11. Bf4 Be6 12. Re1 Qd7 13. c4 Bb4 14. d5 Bxe1
15. dxe6 Qxe6 16. Qxe1 Qxe1+ 17. Rxe1 Rac8 18. Kf1 g6 19. c5 Rfd8 20. Bc4+ Kg7
21. Be6 Ra8 22. Bxc7 Re8 23. Bd7 Rxe1+ 24. Nxe1 Nb4 25. a3 Nc6 26. Bxc6 bxc6
27. Nd3 Rc8 28. Bd6 Kf7 29. Ke2 Ke6 30. Nf4+ Kf6 31. Kd3 h5 32. h4 Re8 33. Ne2
g5 34. hxg5+ Kxg5 35. Nd4 Rc8 36. Kc4 h4 37. f3 f4 38. Ne6+ Kf5 39. Nxf4 Re8
40. Kb4 Re1 41. Ka5 Rf1 42. Ka6 Ra1 43. Kxa7 Rxa3+ 44. Kb7 Kf6 45. Kxc6 Ra6+
46. Kb7 Ra3 47. c6 Rb3+ 48. Kc8 Rb6 49. Kd7 Ra6 50. c7 1-0

[Event "D-Klasse 2009 (D68-1)"]
[Site "Berlin-Weißensee"]
[Date "2009.05.21"]
[Round "3.2"]
[White "Tscheuschner, Georg"]
[Black "Schacht, Thomas"]
[Result "1-0"]
[WhiteElo "1687"]
[BlackElo "1301"]
[PlyCount "77"]
[EventDate "2009.05.20"]

1. c4 e5 2. Nc3 Nf6 3. g3 d5 4. cxd5 Nxd5 5. Bg2 c6 6. Qb3 Nxc3 7. bxc3 Na6 8.
Nf3 Nc5 9. Qc2 Qf6 10. O-O Bd6 11. d3 O-O 12. h3 Re8 13. e4 Bxh3 14. Bg5 Qe6
15. Rae1 Bxg2 16. Kxg2 Qg4 17. Rh1 f6 18. Rh4 Qd7 19. Be3 Ne6 20. d4 Qf7 21.
Reh1 Qg6 22. Rxh7 Qxh7 23. Rxh7 Kxh7 24. dxe5 fxe5 25. Ng5+ Nxg5 26. Bxg5 g6
27. Qb3 Rf8 28. Qxb7+ Kh8 29. Bf6+ Rxf6 30. Qxa8+ Kh7 31. Qxa7+ Kh6 32. Qa8 Bf8
33. Qe8 Bg7 34. a4 c5 35. a5 c4 36. f3 Rd6 37. Qe7 Rd2+ 38. Kh3 Rd3 39. Qh4#
1-0

[Event "D-Klasse 2009 (D68-1)"]
[Site "Berlin-Weißensee"]
[Date "2009.05.21"]
[Round "3.3"]
[White "Gressmann, Hanna"]
[Black "Siegemund, Georg"]
[Result "0-1"]
[WhiteElo "786"]
[BlackElo "1216"]
[PlyCount "96"]
[EventDate "2009.05.20"]

1. e4 c5 2. Nf3 d6 3. Bb5+ Bd7 4. Nc3 Nc6 5. d3 Nf6 6. Bg5 g6 7. O-O Bg7 8. Re1
O-O 9. Qd2 Bg4 10. Qe3 Bxf3 11. Qxf3 Nd4 12. Qd1 a6 13. Bc4 Qb6 14. b3 Qd8 15.
Bxf6 Bxf6 16. Nd5 e6 17. Nxf6+ Qxf6 18. c3 Nc6 19. Qc1 b5 20. Bxb5 axb5 21. a4
bxa4 22. bxa4 Ne5 23. Qd1 Nc6 24. Ra2 Qxc3 25. Ree2 Rfb8 26. h3 Qb3 27. Qxb3
Rxb3 28. Re3 Nb4 29. Rd2 Rxa4 30. d4 Rxe3 31. fxe3 cxd4 32. exd4 Nc6 33. Kf2
Rxd4 34. Re2 Ne5 35. Ke3 Rd3+ 36. Kf2 Nc4 37. Kg1 Rd2 38. Rxd2 Nxd2 39. Kf2
Nxe4+ 40. Kf3 Ng5+ 41. Kg4 Nxh3 42. gxh3 f5+ 43. Kg5 e5 44. h4 d5 45. Kf6 e4
46. Ke5 e3 47. Kxd5 e2 48. Ke5 e1=Q+ 0-1

[Event "D-Klasse 2009 (D68-1)"]
[Site "Berlin-Weißensee"]
[Date "2009.05.21"]
[Round "3.4"]
[White "Wierzbicki, Jirawat"]
[Black "Noak, Uwe"]
[Result "0-1"]
[WhiteElo "784"]
[BlackElo "1491"]
[PlyCount "62"]
[EventDate "2009.05.20"]

1. e4 e6 2. d4 d5 3. exd5 exd5 4. Nf3 Bd6 5. Bd3 Ne7 6. O-O Bf5 7. Be3 Nd7 8.
Nbd2 O-O 9. Qe2 c6 10. Rfe1 Qc7 11. h3 Rfe8 12. Qd1 Bxd3 13. cxd3 Nf5 14. Qc2
Re7 15. Re2 Rae8 16. Rae1 Nf8 17. a3 Ne6 18. Nb3 Qb6 19. Qc3 Nc7 20. Qc2 Ne6
21. Nbd2 Bb8 22. b4 Qc7 23. Qb2 a6 24. Rb1 Nexd4 25. Ree1 Nxf3+ 26. Nxf3 Nxe3
27. Rxe3 Rxe3 28. fxe3 Rxe3 29. Rd1 Qg3 30. Qd2 Rxf3 31. Re1 Qh2# 0-1

[Event "D-Klasse 2009 (D68-1)"]
[Site "Berlin-Weißensee"]
[Date "2009.05.22"]
[Round "4.2"]
[White "Boehling, Richard"]
[Black "Gressmann, Hanna"]
[Result "1-0"]
[WhiteElo "951"]
[BlackElo "786"]
[PlyCount "89"]
[EventDate "2009.05.20"]

1. e4 e5 2. Nf3 Nc6 3. Bc4 Bc5 4. Nc3 Nf6 5. d3 d6 6. Bg5 h6 7. Bh4 O-O 8. Nd5
Be6 9. Bxf6 gxf6 10. Nh4 Nd4 11. c3 Nc6 12. Nf5 Bxf5 13. exf5 Re8 14. Qe2 Na5
15. b4 Nxc4 16. dxc4 Bb6 17. Qg4+ Kf8 18. a4 c6 19. Ne3 Bxe3 20. fxe3 a6 21.
Qh4 d5 22. Qxh6+ Ke7 23. c5 Rh8 24. Qg7 Qg8 (24... Rg8 25. Qh7 Rxg2 (25... Rh8)
) 25. Qxg8 Rhxg8 26. Kf2 a5 27. Rab1 axb4 28. Rxb4 Rab8 29. h4 Kd7 30. h5 Kc7
31. h6 e4 32. h7 Rh8 33. c4 dxc4 34. Rxc4 Rbe8 35. g4 b5 36. Rb4 bxa4 37. Rxa4
Rd8 38. Rd4 Rde8 39. Kg3 Kb7 40. Rd7+ Kc8 41. Rxf7 Re5 42. Rxf6 Rxc5 43. Rg6
Rc3 44. Rg8+ Rxg8 45. hxg8=Q+ 1-0

[Event "D-Klasse 2009 (D68-1)"]
[Site "Berlin-Weißensee"]
[Date "2009.05.22"]
[Round "4.4"]
[White "Siegemund, Georg"]
[Black "Wierzbicki, Jirawat"]
[Result "1-0"]
[WhiteElo "1216"]
[BlackElo "784"]
[PlyCount "127"]
[EventDate "2009.05.20"]

1. d4 Nf6 2. c4 g6 3. Nc3 Bg7 4. Bg5 e6 5. e4 h6 6. Bh4 g5 7. Bg3 d6 8. Nf3
Nbd7 9. Bd3 b6 10. e5 dxe5 11. Nxe5 Nxe5 12. Bxe5 Bb7 13. O-O Qd7 14. Ne4 Qe7
15. Qf3 Bxe4 16. Bxe4 Rd8 17. Rfe1 O-O 18. a3 Rfe8 19. Rad1 Rd7 20. Bc6 Red8
21. Bxd7 Rxd7 22. b4 Ne8 23. Bxg7 Nxg7 24. d5 Qd8 25. dxe6 Nxe6 26. Rxd7 Qxd7
27. Qa8+ Kg7 28. Qxa7 Qd2 29. Ra1 Qb2 30. Rf1 Qc3 31. c5 bxc5 32. bxc5 Nxc5 33.
Qxc7 Qxa3 34. Qd6 Qc3 35. Rd1 Ne4 36. Qd4+ Qxd4 37. Rxd4 Nf6 38. Kf1 Kf8 39.
Ke2 Ke7 40. h4 g4 41. g3 Ke6 42. f3 gxf3+ 43. Kxf3 Ke5 44. Ra4 Nd5 45. Ra7 Kf6
46. Ra6+ Ke7 47. Rxh6 Nf6 48. g4 Ng8 49. Ra6 Kf8 50. h5 Kg7 51. g5 Kh7 52. Ra7
Kg7 53. Rb7 Kf8 54. h6 Nxh6 55. gxh6 Kg8 56. h7+ Kxh7 57. Rxf7+ Kg8 58. Ra7 Kf8
59. Ke4 Kg8 60. Ke5 Kf8 61. Ke6 Kg8 62. Kf6 Kh8 63. Kg6 Kg8 64. Ra8# 1-0

[Event "D-Klasse 2009 (D68-1)"]
[Site "Berlin-Weißensee"]
[Date "2009.05.23"]
[Round "5.2"]
[White "Schacht, Thomas"]
[Black "Noak, Uwe"]
[Result "1/2-1/2"]
[WhiteElo "1301"]
[BlackElo "1491"]
[PlyCount "38"]
[EventDate "2009.05.20"]

1. e4 e6 2. d4 d5 3. e5 c5 4. c3 Nc6 5. Nf3 Qb6 6. Bd3 Bd7 7. dxc5 Bxc5 8. O-O
f6 9. b4 Be7 10. Bf4 fxe5 11. Nxe5 Nxe5 12. Bxe5 Nf6 13. Na3 a5 14. Bd4 Qc7 15.
Nb5 Qd8 16. Be5 axb4 17. Nc7+ Kf7 18. Nxa8 Qxa8 19. cxb4 Bxb4 1/2-1/2

[Event "D-Klasse 2009 (D68-1)"]
[Site "Berlin-Weißensee"]
[Date "2009.05.23"]
[Round "5.3"]
[White "Wierzbicki, Jirawat"]
[Black "Boehling, Richard"]
[Result "0-1"]
[WhiteElo "784"]
[BlackElo "951"]
[PlyCount "72"]
[EventDate "2009.05.20"]

1. e4 e5 2. Nf3 Nc6 3. Bc4 Bc5 4. O-O Nf6 5. Nc3 d6 6. d3 Bg4 7. Bg5 Nd4 8. Nd5
h6 9. Bxf6 gxf6 10. Kh1 Nxf3 11. gxf3 Bh3 12. Rg1 Bxf2 13. Rg7 Be6 $2 $16 (
13... c6 $17) 14. Qe2 $13 (14. Nxc7+ Qxc7 15. Bxe6 $18) 14... Bc5 $2 15. Qg2 (
15. Nxc7+ $16) 15... Kd7 16. Rg8 $4 $19 Qxg8 $2 (16... Rxg8 17. Qxg8 Qxg8 18.
Nxf6+ Ke7 19. Nxg8+ Rxg8 $19) 17. Qxg8 $4 (17. Nxf6+ Ke7 18. Nxg8+ Raxg8 $15)
17... Raxg8 18. Nxf6+ Ke7 19. Nxg8+ Rxg8 20. a3 Bxc4 21. dxc4 Rg6 22. b4 Bd4
23. Rd1 Rf6 24. Rf1 c5 25. bxc5 Bxc5 26. a4 Rg6 27. Rd1 Rg5 28. h3 f5 29. exf5
Rxf5 30. Kg2 Rg5+ 31. Kh2 Be3 32. Kh1 Rg3 33. Re1 Bf4 34. Kh2 Rxf3+ 35. Kg2
Rg3+ 36. Kh2 Re3+ 0-1

[Event "D-Klasse 2009 (D68-1)"]
[Site "Berlin-Weißensee"]
[Date "2009.05.23"]
[Round "5.4"]
[White "Tscheuschner, Georg"]
[Black "Siegemund, Georg"]
[Result "1-0"]
[WhiteElo "1687"]
[BlackElo "1216"]
[PlyCount "57"]
[EventDate "2009.05.20"]

1. c4 Nf6 2. Nc3 Nc6 3. g3 g6 4. Bg2 Bg7 5. d3 O-O 6. e4 d6 7. Nge2 Bg4 8. h3
Bxe2 9. Qxe2 Nd4 10. Qd1 c5 11. O-O e5 12. Ne2 Rc8 13. Nxd4 cxd4 14. f4 Nh5 15.
Kh2 Qe7 16. f5 Bf6 17. Bf3 Ng7 18. g4 Bg5 19. Bh1 h5 20. Qf3 Bxc1 21. Raxc1
hxg4 22. Qxg4 Nh5 23. fxg6 fxg6 24. Qxg6+ Ng7 25. Qg4 Rf4 26. Qxc8+ Kh7 27.
Rxf4 exf4 28. Qg4 Qe5 29. Bf3 1-0

[Event "D-Klasse 2009 (D68-1)"]
[Site "Berlin-Weißensee"]
[Date "2009.05.23"]
[Round "6.2"]
[White "Gressmann, Hanna"]
[Black "Wierzbicki, Jirawat"]
[Result "0-1"]
[WhiteElo "786"]
[BlackElo "784"]
[PlyCount "105"]
[EventDate "2009.05.20"]

1. e4 c6 2. Nf3 d5 3. exd5 cxd5 4. d4 Nf6 5. Bb5+ Nbd7 6. Bf4 e6 7. O-O a6 8.
Bxd7+ Bxd7 9. Ne5 Be7 10. Nc3 O-O 11. Re1 Bd6 12. Nxf7 Rxf7 13. Bxd6 Qb6 14.
Ba3 Raf8 15. f3 Rc8 16. Rb1 Qc7 17. Qd3 b5 18. Bc5 Re8 19. b3 e5 20. Re2 exd4
21. Rxe8+ Bxe8 22. Qxd4 Bc6 23. Bb6 Qd7 24. Ne2 Qe6 25. Nf4 Qd7 26. Re1 Re7 27.
Rxe7 Qxe7 28. h3 Qe1+ 29. Kh2 h6 30. Qg1 Qe5 31. Qe3 Qb2 32. Qe6+ Kh8 33. Ng6+
Kh7 34. Qxc6 Kxg6 35. g4 Qe5+ 36. Kg2 Qb2 37. a4 bxa4 38. bxa4 d4 39. Bd8 d3
40. Ba5 Qxc2+ 41. Qxc2 dxc2 42. Bd2 Nd5 43. Kf2 Nc3 44. a5 Na2 45. h4 c1=Q 46.
Bxc1 Nxc1 47. h5+ Kh7 48. Kg3 g5 49. f4 gxf4+ 50. Kxf4 Nb3 51. g5 hxg5+ 52.
Kxg5 Nxa5 53. h6 0-1

[Event "D-Klasse 2009 (D68-1)"]
[Site "Berlin-Weißensee"]
[Date "2009.05.23"]
[Round "6.3"]
[White "Siegemund, Georg"]
[Black "Schacht, Thomas"]
[Result "1-0"]
[WhiteElo "1216"]
[BlackElo "1301"]
[PlyCount "117"]
[EventDate "2009.05.20"]

1. d4 d5 2. c4 dxc4 3. Nc3 Nf6 4. Bg5 Bf5 5. e3 e6 6. Bxc4 Be7 7. Nf3 O-O 8.
Bxf6 Bxf6 9. Qb3 b6 10. d5 exd5 11. Bxd5 c6 12. Bc4 Nd7 13. Rd1 Qc7 14. Rd2 Nc5
15. Qd1 Rad8 16. Nd4 Bg6 17. Qg4 Nd7 18. f4 Rde8 19. Kf2 Re7 20. Ne6 fxe6 21.
Bxe6+ Rff7 22. Bxf7+ Bxf7 23. Rhd1 Be6 24. f5 Ne5 $4 (24... Bxc3 $19) 25. Rd8+
$18 Kf7 26. fxe6+ Rxe6 27. Qh5+ g6 28. Qxh7+ Bg7 29. Rf1 $4 (29. Kg1) 29...
Rf6+ $19 30. Ke2 Qxd8 31. Rxf6+ Qxf6 32. Ne4 Qd8 33. Kf2 Ng4+ 34. Kf3 Qh8 $4
$17 (34... Qd5 $19) 35. Qxh8 $2 (35. Ng5+ $13) 35... Bxh8 (35... Ne5+ $19) 36.
Kxg4 $11 Bxb2 37. Nd6+ Ke6 38. Nc8 c5 39. Nxa7 c4 40. Nb5 Kd5 41. Kg5 Kc5 42.
Nc7 $19 (42. a4) 42... c3 $17 (42... Be5 43. Ne6+ Kd5 44. Nf4+ Bxf4+ 45. exf4
c3 $19) 43. Ne6+ Kd5 (43... Kc4 44. Nd4 Bc1 45. Kxg6 Bxe3 46. Nc2 Kd3 47. Nb4+
Kd2 48. a4 c2 (48... Bc5 49. Na2 c2 50. h4)) 44. Nd4 Ke4 45. Nb3 Kxe3 46. Kxg6
Kd3 47. g4 Kc2 48. Kf7 Kb1 49. g5 (49. Nd4 Bc1) 49... Kxa2 (49... c2 50. g6
Kxa2 51. Nc1+ Bxc1 52. g7 Be3 53. g8=Q c1=Q) 50. Nd4 b5 51. g6 c2 $4 (51... Kb1
$8 52. g7 c2 53. g8=Q) 52. Nxc2 Kb3 53. Ne3 Ka3 54. g7 Bxg7 55. Kxg7 Kb3 56. h4
b4 57. h5 Ka2 58. h6 b3 59. Nc4 1-0

[Event "D-Klasse 2009 (D68-1)"]
[Site "Berlin-Weißensee"]
[Date "2009.05.23"]
[Round "6.4"]
[White "Boehling, Richard"]
[Black "Tscheuschner, Georg"]
[Result "0-1"]
[WhiteElo "951"]
[BlackElo "1687"]
[PlyCount "100"]
[EventDate "2009.05.20"]

1. e4 c5 2. Bc4 e6 3. Nc3 a6 4. a3 b5 5. Ba2 Bb7 6. d3 Nf6 7. Bg5 Be7 8. Nf3 d6
9. O-O O-O 10. Qe2 Nc6 11. Rfe1 Nd7 12. Qd2 Nde5 13. Bxe7 Nxf3+ 14. gxf3 Qxe7
15. Kh1 Ne5 16. Qf4 f5 17. Re3 fxe4 18. Qg3 exd3 19. cxd3 Rxf3 20. Rxf3 Nxf3
21. Ne4 Nd2 22. f3 Nxe4 23. fxe4 Rf8 24. Qg2 Qf6 25. Bb3 Re8 26. Bd1 Qd4 27.
Qd2 d5 28. Qc3 dxe4 29. Qxd4 cxd4 30. dxe4 Bxe4+ 31. Kg1 Kf7 32. Bb3 Kf6 33.
Rd1 e5 34. Rf1+ Bf5 35. Bc2 g6 36. Bb3 Rc8 37. Kf2 e4 38. Ke1 Rc1+ 39. Ke2 Rxf1
40. Kxf1 Ke5 41. Ke2 g5 42. Kd2 h5 43. Ke2 Kf4 44. Kf2 e3+ 45. Ke2 d3+ 46. Kd1
Kf3 47. Bd5+ Kf2 48. Kc1 e2 49. Kb1 d2+ 50. Ka2 e1=Q 0-1

[Event "D-Klasse 2009 (D68-1)"]
[Site "Berlin-Weißensee"]
[Date "2009.05.24"]
[Round "7.2"]
[White "Noak, Uwe"]
[Black "Siegemund, Georg"]
[Result "0-1"]
[WhiteElo "1491"]
[BlackElo "1216"]
[PlyCount "72"]
[EventDate "2009.05.20"]

1. f4 Nc6 2. e4 e6 3. Nf3 d5 4. e5 Bb4 5. c3 Ba5 6. d4 Nge7 7. Bd3 Nf5 8. O-O
Nce7 9. a4 a6 10. Na3 Bb6 11. b4 O-O 12. Nc2 Bd7 13. Kh1 Nh6 14. Ng5 g6 15. Bd2
Nef5 16. g4 Ne7 17. Qf3 Kg7 18. Qh3 f5 19. Ne3 a5 20. gxf5 exf5 21. b5 c5 22.
Nc2 cxd4 23. Nxd4 Bxd4 24. cxd4 Qb6 25. Be3 Be6 26. Qh4 Rh8 27. Nxh7 Neg8 28.
Ng5 Ng4 29. Qg3 Nxh2 30. Rfc1 Nf1+ 31. Kg2 Nxg3 32. Kxg3 Rc8 33. Rc5 Ne7 34.
Rac1 Bf7 35. Be2 Qd8 36. Bd2 b6 0-1

[Event "D-Klasse 2009 (D68-1)"]
[Site "Berlin-Weißensee"]
[Date "2009.05.24"]
[Round "7.3"]
[White "Tscheuschner, Georg"]
[Black "Gressmann, Hanna"]
[Result "1-0"]
[WhiteElo "1687"]
[BlackElo "786"]
[PlyCount "37"]
[EventDate "2009.05.20"]

1. c4 e5 2. Nc3 Nf6 3. g3 Nc6 4. Bg2 Bc5 5. d3 O-O 6. e3 d6 7. Nge2 Bg4 8. h3
Bxe2 9. Qxe2 Qd7 10. O-O Rad8 11. Kh2 Rfe8 12. a3 a5 13. Bxc6 Qxc6 14. e4 Bd4
15. Bg5 Re6 16. Nd5 Qd7 17. f4 c6 18. Bxf6 gxf6 19. f5 1-0

[Event "D-Klasse 2009 (D68-1)"]
[Site "Berlin-Weißensee"]
[Date "2009.05.24"]
[Round "7.4"]
[White "Schacht, Thomas"]
[Black "Boehling, Richard"]
[Result "1-0"]
[WhiteElo "1301"]
[BlackElo "951"]
[PlyCount "41"]
[EventDate "2009.05.20"]

1. e4 e5 2. Nf3 Nc6 3. Bc4 Bc5 4. d3 Nf6 5. Nxe5 Nxe5 6. d4 Bd6 7. dxe5 Bxe5 8.
f4 Bd4 9. Qxd4 Qe7 10. Nc3 Qd6 11. Qxd6 cxd6 12. O-O O-O 13. Be3 Ng4 14. Bd4
Nf6 15. Bxf6 gxf6 16. Nb5 a6 17. Nxd6 Kh8 18. Rf3 Kg7 19. Rg3+ Kh6 20. Bxf7 b5
21. Nf5# 1-0